Anti-bribery and corruption laws (Record no. 112658)

MARC details
000 -LEADER
fixed length control field 01275cad a22002175a 4500
001 - CONTROL NUMBER
control field L153704
008 - FIXED-LENGTH DATA ELEMENTS--GENERAL INFORMATION
fixed length control field 110822s2011 xxk f 000 0 eng d
035 ## - SYSTEM CONTROL NUMBER
System control number (Sirsi) u153704
041 0# - LANGUAGE CODE
Language code of text/sound track or separate title eng
110 2# - MAIN ENTRY--CORPORATE NAME
Corporate name or jurisdiction name as entry element CMS Legal Services
9 (RLIN) 5969
245 00 - TITLE STATEMENT
Title Anti-bribery and corruption laws
Remainder of title an international guide
Medium [electronic resource]
260 ## - PUBLICATION, DISTRIBUTION, ETC.
Place of publication, distribution, etc. London
Name of publisher, distributor, etc. CMS Legal Services
Date of publication, distribution, etc. 2011
505 2# - FORMATTED CONTENTS NOTE
Formatted contents note United Kingdom -- Ukraine -- Switzerland -- Spain -- Slovenia -- Slovakia -- Serbia -- Russia -- Romania -- Poland -- The Netherlands -- Italy -- Hungary -- Germany -- France -- Czech Republic -- China -- Bulgaria -- Bosnia and Herzegovina -- Belgium -- Austria -- Albania
520 ## - SUMMARY, ETC.
Summary, etc. Overview of the complex and changing laws across Europe; the UK's new Bribery Act, which came into force on 1 July 2011 is perhaps the most well publicised recent example of the laws becoming more stringent, but there have also been recent changes in Russia, Spain and Ukraine; also covers Albania and China.
590 ## - LOCAL NOTE (RLIN)
Local note KA NTK
650 24 - SUBJECT ADDED ENTRY--TOPICAL TERM
Topical term or geographic name entry element BRIBERY
651 #4 - SUBJECT ADDED ENTRY--GEOGRAPHIC NAME
Geographic name International
690 ## - LOCAL SUBJECT ADDED ENTRY--TOPICAL TERM (OCLC, RLIN)
Topical term or geographic name as entry element MANAGEMENT-BUSINESS MANAGEMENT-PROFESSIONAL PRACTICE
856 40 - ELECTRONIC LOCATION AND ACCESS
Uniform Resource Identifier <a href="https://www.law-now.com/cmck/pdfs/nonsecured/antibriberyinternationalaug11.pdf">https://www.law-now.com/cmck/pdfs/nonsecured/antibriberyinternationalaug11.pdf</a>
Public note Open the pdf free of charge here
942 ## - ADDED ENTRY ELEMENTS (KOHA)
Suppress in OPAC 0
Holdings
Withdrawn status Lost status Source of classification or shelving scheme Damaged status Not for loan Home library Current library Shelving location Date acquired Total Checkouts Full call number Barcode Date last seen Copy number Price effective from Koha item type
    Dewey Decimal Classification     Virtual Virtual Online 22/08/2011   ONLINE PUBLICATION 153704-2001 06/08/2019 1 06/08/2019 Book